| 000 | 00427nam a2200169Ia 4500 | ||
|---|---|---|---|
| 003 | GCL | ||
| 008 | 140319s9999 xx 000 0 eng d | ||
| 040 |
_aGCL / _cGCL |
||
| 082 | 0 | 4 |
_a959.7 _bV U |
| 100 | 1 | _aGLAZUNOV, ILYA | |
| 245 | 1 | 0 |
_aTHE UNDAUNTED HEZOES / _cGLAZUNOV, ILYA |
| 700 | 1 | _aVYSOTSKY, SERGEI | |
| 260 |
_a[S.N] : _bPROGRESS PUBLISHERS |
||
| 650 | 0 | 4 | _aHISTORY |
| 650 | 0 | 4 | _aVIETNAM - HISTORY |
| 942 |
_2ddc _cBK |
||
| 999 |
_c11250 _d11250 |
||